عرض عادي
عرض مارك
- العزام، ميسم فوزي مطير
دخول Personal Name
001 - CONTROL NUMBER
- control field: 29252
003 - CONTROL NUMBER IDENTIFIER
- control field: AE-AdECS
005 - DATE AND TIME OF LATEST TRANSACTION
- control field: 20260424095302.0
008 - FIXED-LENGTH DATA ELEMENTS
- fixed length control field: 260424|| aca||aabn | a|a d
040 ## - CATALOGING SOURCE
- Original cataloging agency: AE-AdECS
- Transcribing agency: AE-AdECS
100 ## - HEADING--PERSONAL NAME
- Personal name: العزام، ميسم فوزي مطير
670 ## - SOURCE DATA FOUND
- Source citation: Work cat.: (AE-AdECS)294909: العزام، ميسم فوزي مطير مؤلفة., جودة البرامج التربوية للدراسات العليا في الجامعات الأردنية الحكومية في ضوء معايير هيئة الاعتماد /
